NFL 2025: Passing Leaders - Statistics

General Stats
  • This quiz has been taken 90 times
    36 since last reset
  • The average score is 8 of 10
Answer Stats
Number Player Passing Yards Last Week % Correct
16 Jared Goff 4.564 ⏫️ #3
93%
9 Matthew Stafford 4.707 ⏫️ #2
93%
10 Drake Maye 4.394 ⏺️ #4
87%
6 Baker Mayfield 3.693 NEW
80%
10 Bo Nix 3.931 ⏬️ #6
80%
4 Dak Prescott 4.552 ⏬️ #1
80%
18 Caleb Williams 3.942 ⏫️ #8
73%
14 Sam Darnold 4.048 ⏺️ #5
73%
10 Justin Herbert 3.727 ⏺️ #9
70%
16 Trevor Lawrence 4.007 ⏫️ #7
70%
No matching quizzes found
Score Distribution
Percent of People with Each Score
Percentile by Number Answered
Your Score History
You have not taken this quiz since the last reset